000 02484cam a22003491i 4500
003 SA-RiAUC
005 20250519081900.0
008 250516s2012____su a f 100 0 ara c
020 _a 9786144042397
020 _a 9786144042397
040 _aOQUL
_bara
_cSA-RiAUC
_dKAC
_erda
043 _aa-su---
082 0 4 _a810.99531
_qSA-RiAUC
090 _a810.99531
_b م ؤ ت
111 2 _aمؤتمر الأدباء السعوديين
_n(1 :
_d1394 هجري :
_cمكة المكرمة)
_eمؤلف.
245 1 0 _aمؤتمرات الأدباء السعوديين :
_bالتأسيس الثقافي الأول : 1394 هـ.-1974، الثاني : 1419 هـ.-1998، الثالث : 1430 هـ.-2009 /
_c إشراف عبد الله الحيدري.
250 _aالطبعة الأولى.
264 1 _aمكة المكرمة :
_aبيروت :
_bنادي مكة الثقافي ؛
_bالانتشار العربي،
_c2012
300 _a120 صفحة :
_bإيضاحيات ؛
_c22 × 14 سم
336 _aنص
_btxt
_2rdacontent
_3كتاب
337 _aبدون وسيط
_bn
_2rdamedia
338 _aمجلد
_bnc
_2rdacarrier
504 _aببليوجرافية : صفحة 114-115.
520 _aيعني هذا الكتاب بالتأريخ والرصد لمؤتمرات الأدباء الثلاثة (1394و 1419و1430هـ)، في محاولة لتوثيق أبرز المعلومات الخاصة بكل مؤتمر من خلال الحديث عن فكرة المؤتمر، واللجان العاملة، وعناوين البحوث، وأسماء المكرمين، والتوصيات، بالاستعانة بالمراجع الموثوقة، وفي المقدمة : بحوث المؤتمر الأول، وبحوث المؤتمر الثاني، وبحوث المؤتمر الثالث، والعدد الخاص من مجلة المنهل المخصص لتوثيق فعاليات المؤتمر الأول.
650 7 _aالأدب العربي
_zالسعودية
_xتاريخ ونقد
_yقرن 14 هـجري
_vمؤتمرات
_2aucsh
650 7 _aالأدب العربي
_zالسعودية
_xتاريخ ونقد
_yقرن 14 هـجري
_vمؤتمرات
_2aucsh
700 1 _aالحيدري، عبد الله
_eمشرف.
711 2 _aمؤتمر الأدباء السعوديين
_n(2 :
_d1419 هجري :
_cمكة المكرمة)
711 2 _aمؤتمر الأدباء السعوديين
_n(3 :
_d1430 هجري :
_cالرياض)
942 _2ddc
_cBOOK
_n0
949 _aSA-JeALM
_d250516
_umohamedma123
_n1
999 _c8072
_d8072